000 00553nam a2200229Ia 4500
003 OSt
005 20230427113830.0
008 210423s2008 xx 000 0 und d
040 _cAL
041 _aeng
082 _a621.381028 NAVK
_223
100 _aNAVAS (K A).
_993927
245 _aElectronics lab manual. V1
250 _a4
260 _aKochi
_bRajath Publishers
_c2008
300 _a3,416p
_bPB
365 _b170
_cINR
440 _v1
650 _aElectronics
_993928
906 _aElectronics ; lab ; manual. ; V1.
942 _2ddc
_cBK
999 _c161799
_d161799